00000000nam 2200000za 4500
0019.852437
003CaOODSP
00520221107154601
007cr |||||||||||
008180227s1966    onc    #o    f000 0 eng d
040 |aCaOODSP|beng
043 |an-cn---
0861 |aR32-436/1966E-PDF
24500|aIndian treaties in Canada as related to the wildlife and fishery resources |h[electronic resource] : |bdocumentation.
24616|aIndian treaties as related to the wildlife and fishery resources
260 |aOttawa : |bTreaties and Historical Research Centre, |c1966.
300 |a[54] p.
500 |aTitle from cover.
500 |aDigitized edition from print [produced by Indigenous and Northern Affairs Canada].
520 |a"The question of Indian Treaties, as the Committee is aware from the many references in submissions by Indian groups and organizations, is of paramount importance to Indians and, therefore, to the Department. It is the purpose of this submission to review the Indian Treaties in relation to the wildlife and fisheries resources"--p. [1].
69207|2gccst|aAgreements
69207|2gccst|aWildlife management
69207|2gccst|aFisheries resources
7102 |aTreaties and Historical Research Centre (Canada)
7101 |aCanada. |bIndian and Northern Affairs Canada.
85640|qPDF|s4.06 MB|uhttps://publications.gc.ca/collections/collection_2018/aanc-inac/R32-436-1966-eng.pdf